000 01026nmm a2200313 a 4500
001 ocm0002147144
003 TR-IsHL
005 20201028184348.0
008 181217s2014 tu tur
007 cr cn
020 _a9786055175672
035 _a2147144
_b(N$T)
050 0 4 _aPS3616.R625
_bF519 2014
090 0 4 _aPS3616.R625
_bF519 2014
100 1 _aProby, Kristen
245 1 0 _aSavaş benimle
_h[electronic resource] /
_cKristen Proby ; çeviri : Gizem Pekin ; editör Dilda Eşiyok
250 _a1. Baskı
260 _aİstanbul :
_bAspendos Yayıncılık,
_c2014
300 _a328 p.
500 _aEser özgün adı : Fight with me
650 4 _aDil ve Edebiyat
650 4 _aLanguage and Literature
650 0 _aAmerikan romanı
650 0 _aAmerican fiction
650 7 _aLITERARY COLLECTIONS / American / General
_2bisacsh
700 1 _aPekin, Gizem
700 1 _aEşiyok, Dilda
856 4 0 _uhttp://search.ebscohost.com/login.aspx?direct=true&scope=site&db=e011xww&AN=2147144
999 _c20964
_d20964